000 01012cam a22003137a 4500
003 CHAP
005 20220329141742.0
008 971013s1977 r 00010 d
010 _a73339
011 _a74311
035 _a83870
040 _cCHAP
082 _a330
_bH3 1977
100 0 0 _aHanson, J. L.
_952598
245 1 2 _aA textbook of economics
250 _a7 ed. rev.
260 _aEstover, Plymouth, England, Macdonald & Evans,
_c1977
300 _a604 p.
_b: gráfs.
590 _aBATCH-UPD
_b10
_c20130110
_lUCH01
_h1839
590 _aBATCH-UPD
_b10
_c20130410
_lUCH01
_h1210
590 _aBATCH-UPD
_b10
_c20130914
_lUCH01
_h1232
590 _aCONVERSION
_b10
_c20130109
_lUCH01
_h1340
650 1 4 _aEconomía.
_935226
901 _aBK
942 _cLIBRO
949 _a330 H3 1977
_bBC
_cLIBRO
_d33724000311353
_eLIBRO
_fc.2
_h55704
_i83870
_si
949 _a330 H3 1977
_bBC
_cLIBRO
_d33724000311361
_eLIBRO
_fc.3
_h55705
_i83870
_si
949 _a330 H3 1977
_bBC
_cLIBRO
_d33724000311379
_eLIBRO
_h55703
_i83870
_si
999 _c73339
_d73339